Hello from Different Languages - Statistics

General Stats
  • This quiz has been taken 29 times
    28 since last reset
  • The average score is 5 of 11
Answer Stats
Hint Answer % Correct
English Hello
100%
French Bonjour
80%
Spanish Hola
75%
German Guten Tag
70%
Chinese Ni Hao
55%
Hebrew Shalom
35%
Indian Namaste
25%
Australian English G'day
20%
Arabic Marhaba
5%
Russian Priviet
5%
Thai Sawadeeka
5%
No matching quizzes found
Score Distribution
Percent of People with Each Score
Percentile by Number Answered
Your Score History
You have not taken this quiz since the last reset